000 00513cam a2200169 4500500
005 20260405001444.0
041 _afre
042 _adc
100 1 0 _aLegros, Martin
_eauthor
245 0 0 _aLes délinquants juvéniles en 1580
260 _c2013.
500 _a18
690 _aEnfance
690 _aMontaigne
786 0 _nPhilosophie magazine | 67 | 3 | 2013-03-01 | p. 10-12 | 1951-1787
856 4 1 _uhttps://shs.cairn.info/magazine-philosophie-magazine-2013-3-page-10?lang=fr&redirect-ssocas=7080
999 _c2047828
_d2047828